| 000 | 01254nam a2200229 i 4500 | ||
|---|---|---|---|
| 001 | 159430 | ||
| 003 | ES-MaACL | ||
| 005 | 20231228063237.0 | ||
| 008 | 960909s1908 sp |||| | spa d | ||
| 080 | _a821.134.2.09 | ||
| 100 | 1 |
_aMenéndez y Pelayo, Marcelino, _d1856-1912 _980332 |
|
| 245 | 1 | 0 |
_aEstudios de crítica literaria. _nQuinta serie / _cMenéndez y Pelayo. |
| 260 |
_aMadrid : _b[s. n.], _c1908 ( _fTip. de la Revista de Archivos) |
||
| 300 |
_a[6], 473 p., [1] h. ; _c17 cm. |
||
| 490 | 1 |
_aColección de escritores castellanos. Críticos. Obras completas de M. Menéndez y Pelayo ; _vv. 137 |
|
| 505 | 8 | _aContiene: El Dr. D. Manuel Milá y Fontanals ; Don Benito Pérez Galdós, considerado como novelista ; La doncella Teodor ; Interpretaciones del Quijote ; Don Francisco Rodríguez Marín ; Don Manuel José Quintana, considerado como poeta lírico ; Don José María de Pereda ; Don Leopoldo Augusto de Cueto | |
| 597 | _aPort. a dos tintas con orla tip. | ||
| 650 | 4 |
_aLiteratura española- _xHistoria y crítica _914560 |
|
| 830 | 1 |
_aColección de escritores castellanos. Críticos. Obras completas de M. Menéndez y Pelayo _vv. 137 _9188202 |
|
| 852 |
_aES-MaACL _jF-12648 _z- Enc. hol. |
||
| 999 |
_c159430 _d159430 |
||